Представление документа в формате MARC21

Поле Инд. ПП Название Значение
Тип записи a
Библиографический уровень b
001 Контрольный номер RU/IS/BASE/141317791
005 Дата корректировки 20200522190702.6
084 a Индекс другой классификации/Индекс ББК 60.51(0)64; 60.524.224.53; 60.507
097 00 a 730
100 10 a Автор Осипова Н. Г.
245 00 a Заглавие Теория и практика "влияния" средств массовой информации в современной зарубежной социологии
504 00 a Библиография Библиогр. ссылки
650 a Основная рубрика история социологии
a Основная рубрика социология
653 00 a Ключевые слова XX век
a Ключевые слова влияние
a Ключевые слова двухэтапного влияния теория
a Ключевые слова культурных эффектов теории
a Ключевые слова массовая коммуникация
a Ключевые слова социальная коммуникация
a Ключевые слова социологическая теория
a Ключевые слова социология телевидения
a Ключевые слова телевидение
773 00 t Заглавие источника Вестник Московского университета. Серия 18, Социология и политология
d Дата издания источника 2001
g Прочая информация № 1. - С. 92 - 104
w Контрольный № источника RU/IS/BASE/148578682
901 t Тип документа b